[Event "18. Ciudad de Pamplona - Abierto"]
[Site "Pamplona ESP"]
[Date "2008.12.26"]
[Round "5.13"]
[White "Montoya Irigoyen, Iñigo"]
[Black "Moral Barragan, Diego"]
[Result "1-0"]
[WhiteElo "2065"]
[BlackElo "1863"]
[PlyCount "55"]
[EventDate "2008.12.22"]
[EventType "swiss"]
[EventRounds "9"]
[EventCountry "ESP"]
[Source "lmi"]
[SourceDate "2008.12.22"]

1. Nf3 e6 2. d4 Nf6 3. Bg5 d5 4. Nbd2 Be7 5. e3 h6 6. Bf4 Nbd7 7. Bd3 Nh5 8.
Bg3 Nxg3 9. hxg3 c5 10. c3 Qb6 11. Qc2 c4 12. Be2 f5 13. Nh4 Bxh4 14. Bh5+ Ke7
15. Rxh4 Nf6 16. Nf3 g5 17. Rh1 Rg8 18. g4 Ne4 19. Ne5 Kf6 20. Bf7 Rh8 21. gxf5
exf5 22. Bxd5 Nd6 23. O-O-O Be6 24. Bxe6 Kxe6 25. g4 Qc7 26. gxf5+ Nxf5 27. Qe4
Kf6 28. Ng4+ 1-0

[Event "18. Ciudad de Pamplona - Abierto"]
[Site "Pamplona ESP"]
[Date "2008.12.26"]
[Round "5.14"]
[White "De Pablos Fernandez, Mariano"]
[Black "Ortega Lopez, Adrian"]
[Result "1-0"]
[WhiteElo "2061"]
[BlackElo "1911"]
[PlyCount "57"]
[EventDate "2008.12.22"]
[EventType "swiss"]
[EventRounds "9"]
[EventCountry "ESP"]
[Source "lmi"]
[SourceDate "2008.12.22"]

1. f4 g6 2. Nf3 Bg7 3. e3 Nf6 4. Be2 O-O 5. O-O Nc6 6. d3 d5 7. Nbd2 Re8 8. d4
e6 9. Kh1 Ne7 10. Qe1 Nf5 11. Bd3 Nd6 12. Rg1 Nd7 13. g4 f5 14. gxf5 exf5 15.
Ne5 Ne4 16. Ndf3 Nxe5 17. dxe5 b6 18. Bd2 Bb7 19. Bxe4 dxe4 20. Ng5 Bh6 21. h4
Bxg5 22. hxg5 Qe7 23. Bc3 Rad8 24. Qe2 Qe6 25. b3 c5 26. Rad1 Qe7 27. Qc4+ Qf7
28. e6 Qc7 29. e7+ 1-0

[Event "18. Ciudad de Pamplona - Abierto"]
[Site "Pamplona ESP"]
[Date "2008.12.26"]
[Round "6.1"]
[White "Recuero Guerra, David"]
[Black "Arribas Lopez, Angel"]
[Result "1/2-1/2"]
[WhiteElo "2425"]
[BlackElo "2334"]
[PlyCount "39"]
[EventDate "2008.12.22"]
[EventType "swiss"]
[EventRounds "9"]
[EventCountry "ESP"]
[Source "lmi"]
[SourceDate "2008.12.22"]

1. e4 c5 2. Nf3 d6 3. d4 cxd4 4. Nxd4 Nf6 5. Nc3 g6 6. Be3 Bg7 7. f3 O-O 8. Qd2
Nc6 9. O-O-O d5 10. Kb1 Nxd4 11. e5 Nf5 12. exf6 exf6 13. Nxd5 Nxe3 14. Qxe3
Be6 15. Bc4 f5 16. c3 Re8 17. Qf2 Qb8 18. Qh4 b5 19. Bb3 a5 20. Nf6+ 1/2-1/2

[Event "18. Ciudad de Pamplona - Abierto"]
[Site "Pamplona ESP"]
[Date "2008.12.26"]
[Round "6.2"]
[White "Lariño Nieto, David"]
[Black "Reinaldo Castineira, Roi"]
[Result "0-1"]
[WhiteElo "2469"]
[BlackElo "2516"]
[PlyCount "30"]
[EventDate "2008.12.22"]
[EventType "swiss"]
[EventRounds "9"]
[EventCountry "ESP"]
[Source "lmi"]
[SourceDate "2008.12.22"]

1. d4 Nf6 2. c4 e6 3. Nf3 c5 4. Nc3 cxd4 5. Nxd4 Bb4 6. Nc2 Bxc3+ 7. bxc3 O-O
8. Ba3 Re8 9. g3 Qc7 10. Qd3 Qc6 11. Rg1 d5 12. Bg2 Qa4 13. O-O-O Nc6 14. Bd6
Qxa2 15. cxd5 Na5 0-1

[Event "18. Ciudad de Pamplona - Abierto"]
[Site "Pamplona ESP"]
[Date "2008.12.26"]
[Round "6.3"]
[White "Vega Gutierrez, Belinda"]
[Black "Huerga Leache, Mikel"]
[Result "0-1"]
[WhiteElo "2226"]
[BlackElo "2417"]
[PlyCount "126"]
[EventDate "2008.12.22"]
[EventType "swiss"]
[EventRounds "9"]
[EventCountry "ESP"]
[Source "lmi"]
[SourceDate "2008.12.22"]

1. e4 c5 2. Nf3 d6 3. d4 cxd4 4. Nxd4 Nf6 5. Nc3 Nc6 6. Be2 g6 7. O-O Bg7 8.
Nb3 O-O 9. Re1 b6 10. Bf1 Bb7 11. Bg5 h6 12. Bh4 Rc8 13. h3 Nd7 14. Qd2 Nc5 15.
Rad1 g5 16. Bg3 Ne6 17. Rb1 Ne5 18. Nd5 Nc4 19. Bxc4 Rxc4 20. c3 Ra4 21. a3 Nc7
22. Nxc7 Qxc7 23. Nd4 Bxd4 24. cxd4 Rc4 25. h4 Rc2 26. Qe3 f6 27. Re2 Rc8 28.
hxg5 hxg5 29. f4 Rc1+ 30. Rxc1 Qxc1+ 31. Qxc1 Rxc1+ 32. Kh2 gxf4 33. Bxf4 Rc4
34. d5 Ba6 35. Bh6 Kh7 36. Bf4 Rd4 37. Re3 Kg6 38. Kg3 Bb7 39. Kf3 f5 40. exf5+
Kxf5 41. g4+ Kf6 42. Rc3 Bxd5+ 43. Kg3 e5 44. Be3 Re4 45. Rd3 Bc4 46. Rc3 Be6
47. g5+ Kf5 48. Kf2 Rh4 49. Kg3 Rg4+ 50. Kh3 Ke4 51. Kh2 Rh4+ 52. Kg2 Rh3 53.
Bd2 Rxc3 54. Bxc3 d5 55. Kf2 d4 56. Bb4 Kd3 57. g6 Kc2 58. Ke1 Kxb2 59. Kd2 e4
60. g7 Bc4 61. Bd6 e3+ 62. Kd1 d3 63. Bf4 Bb3+ 0-1

[Event "18. Ciudad de Pamplona - Abierto"]
[Site "Pamplona ESP"]
[Date "2008.12.26"]
[Round "6.5"]
[White "Navarro Cia, Miguel"]
[Black "Ignacz, Rozsa"]
[Result "1-0"]
[WhiteElo "2318"]
[BlackElo "2061"]
[PlyCount "100"]
[EventDate "2008.12.22"]
[EventType "swiss"]
[EventRounds "9"]
[EventCountry "ESP"]
[Source "lmi"]
[SourceDate "2008.12.22"]

1. d4 Nf6 2. Bg5 d5 3. Bxf6 exf6 4. e3 Bd6 5. Nd2 f5 6. g3 Be6 7. Bg2 c6 8. Ne2
Nd7 9. O-O Nf6 10. c4 dxc4 11. Qc2 O-O 12. Nxc4 Bc7 13. Nd2 g6 14. Nc3 Qd7 15.
Rfc1 Rac8 16. Na4 Bb8 17. Nc5 Qe7 18. Nxe6 Qxe6 19. b4 h5 20. Nb3 Rfd8 21. Nc5
Qe7 22. Qb3 Ne4 23. a4 h4 24. Rc2 hxg3 25. hxg3 Kg7 26. Qd3 Ng5 27. Rac1 Rh8
28. b5 cxb5 29. axb5 b6 30. Nb3 Rce8 31. Nd2 Ne4 32. Nxe4 fxe4 33. Qe2 Qg5 34.
Kf1 Qf5 35. Kg1 Rh6 36. Rc3 Rhh8 37. Qc2 Qxb5 38. Bxe4 Qg5 39. Bg2 Qg4 40. Qd1
Qg5 41. e4 Rd8 42. f4 Bxf4 43. gxf4 Qxf4 44. d5 Rd6 45. Rf3 Qe5 46. Qc2 Rh4 47.
Rf2 Qh2+ 48. Kf1 Rf4 49. Qc3+ Rdf6 50. Rcc2 Kg8 1-0

[Event "18. Ciudad de Pamplona - Abierto"]
[Site "Pamplona ESP"]
[Date "2008.12.26"]
[Round "6.6"]
[White "Vega Gutierrez, Sabrina"]
[Black "Rudolf, Anna"]
[Result "1/2-1/2"]
[WhiteElo "2278"]
[BlackElo "2318"]
[PlyCount "142"]
[EventDate "2008.12.22"]
[EventType "swiss"]
[EventRounds "9"]
[EventCountry "ESP"]
[Source "lmi"]
[SourceDate "2008.12.22"]

1. e4 e6 2. Nf3 d5 3. Nc3 Nf6 4. e5 Nfd7 5. d4 c5 6. dxc5 Nc6 7. Bf4 Bxc5 8.
Bd3 f6 9. exf6 Nxf6 10. Qe2 O-O 11. O-O-O Bd7 12. Ne5 Bd6 13. Bg3 Nxe5 14. Bxe5
Bxe5 15. Qxe5 Rc8 16. f4 Qc7 17. Qxc7 Rxc7 18. g3 Rfc8 19. Rd2 Kf7 20. Re1 Re8
21. Bf1 Bc6 22. Bg2 Rce7 23. a4 Rd7 24. Rd4 a5 25. Nd1 Rde7 26. Nf2 e5 27. fxe5
Rxe5 28. Rxe5 Rxe5 29. Kd2 Rf5 30. Nd1 Ne4+ 31. Bxe4 dxe4 32. Ke3 Rh5 33. h4
Rf5 34. Nf2 Rf3+ 35. Ke2 e3 36. Ng4 Rxg3 37. Nxe3 g5 38. Nc4 g4 39. Ne5+ Ke6
40. Nxc6 bxc6 41. h5 Rg2+ 42. Kf1 Rxc2 43. Rxg4 Rxb2 44. Rg5 Rd2 45. Rxa5 Rd5
46. Ra7 Rxh5 47. a5 h6 48. Ke2 Kd5 49. Rh7 Kc4 50. a6 Ra5 51. Rxh6 Rxa6 52. Rh3
c5 53. Kd2 Ra2+ 54. Kc1 Kd4 55. Rg3 Re2 56. Rh3 c4 57. Rg3 Rh2 58. Rf3 Kc5 59.
Rg3 Kb4 60. Rf3 Rh4 61. Rg3 Rf4 62. Rh3 Rg4 63. Kc2 c3 64. Rh8 Rg2+ 65. Kc1 Rg5
66. Kc2 Rc5 67. Rh4+ Rc4 68. Rxc4+ Kxc4 69. Kc1 Kd3 70. Kd1 c2+ 71. Kc1 Kc3
1/2-1/2

[Event "18. Ciudad de Pamplona - Abierto"]
[Site "Pamplona ESP"]
[Date "2008.12.26"]
[Round "6.8"]
[White "Garcia Paolicchi, Raul"]
[Black "Anguas Fanlo, Sergio"]
[Result "1/2-1/2"]
[WhiteElo "2257"]
[BlackElo "2045"]
[PlyCount "72"]
[EventDate "2008.12.22"]
[EventType "swiss"]
[EventRounds "9"]
[EventCountry "ESP"]
[Source "lmi"]
[SourceDate "2008.12.22"]

1. d4 d5 2. Nf3 c6 3. c4 e6 4. e3 Nf6 5. Nbd2 Nbd7 6. Bd3 Be7 7. O-O O-O 8. b3
b6 9. Bb2 Bb7 10. Qe2 c5 11. Rac1 Qc7 12. Ne5 Nxe5 13. dxe5 Nd7 14. f4 f5 15.
cxd5 Bxd5 16. e4 fxe4 17. Nxe4 Rf7 18. Nc3 Bb7 19. Bc4 Nf8 20. f5 Rd8 21. fxe6
Rxf1+ 22. Rxf1 a6 23. a4 Qc6 24. Qf3 Qxf3 25. gxf3 Ng6 26. Ne4 Bxe4 27. fxe4
Rd2 28. Rf2 Rxf2 29. Kxf2 a5 30. Kf3 Kf8 31. Kg4 Bd8 32. Bd5 Bc7 33. Kf5 Ne7+
34. Kf4 Ng6+ 35. Kf5 Ne7+ 36. Kf4 Ng6+ 1/2-1/2

[Event "18. Ciudad de Pamplona - Abierto"]
[Site "Pamplona ESP"]
[Date "2008.12.26"]
[Round "6.10"]
[White "Cemborain Oricain, Alfonso"]
[Black "Vinal Gutierrez, Pedro"]
[Result "0-1"]
[WhiteElo "2029"]
[BlackElo "2097"]
[PlyCount "62"]
[EventDate "2008.12.22"]
[EventType "swiss"]
[EventRounds "9"]
[EventCountry "ESP"]
[Source "lmi"]
[SourceDate "2008.12.22"]

1. e4 e6 2. d4 d5 3. e5 c5 4. c3 Nc6 5. Nf3 Qb6 6. a3 c4 7. Nbd2 f6 8. exf6
Nxf6 9. Rb1 Bd6 10. b3 cxb3 11. Rxb3 Qd8 12. Bd3 O-O 13. O-O e5 14. dxe5 Nxe5
15. Nxe5 Bxe5 16. Nf3 Bc7 17. Bg5 Bg4 18. Be2 Qd6 19. g3 Ne4 20. Be3 Kh8 21.
Nd4 Bxe2 22. Nxe2 Bb6 23. Qd3 Bxe3 24. Qxe3 Rae8 25. Qc1 Nc5 26. Rb2 Nd3 27.
Qc2 Nxb2 28. Qxb2 b6 29. Nf4 Rxf4 30. gxf4 Qxf4 31. Qb5 Re4 0-1

[Event "18. Ciudad de Pamplona - Abierto"]
[Site "Pamplona ESP"]
[Date "2008.12.26"]
[Round "6.11"]
[White "Diaz Mollenedo, Henry"]
[Black "Montoya Irigoyen, Iñigo"]
[Result "1-0"]
[WhiteElo "2015"]
[BlackElo "2065"]
[PlyCount "37"]
[EventDate "2008.12.22"]
[EventType "swiss"]
[EventRounds "9"]
[EventCountry "ESP"]
[Source "lmi"]
[SourceDate "2008.12.22"]

1. e4 c5 2. Nf3 e6 3. Nc3 Nc6 4. g3 a6 5. Bg2 b5 6. d4 cxd4 7. Nxd4 Bb7 8. O-O
Qc7 9. Re1 d6 10. Nd5 exd5 11. Nxc6 Bxc6 12. exd5+ Be7 13. dxc6 Nf6 14. Qe2 Kf8
15. a4 Rb8 16. axb5 Rxb5 17. Rxa6 Re5 18. Qd1 h6 19. Bxh6 1-0

[Event "18. Ciudad de Pamplona - Abierto"]
[Site "Pamplona ESP"]
[Date "2008.12.26"]
[Round "6.12"]
[White "Ruiz Escobar, Rafael"]
[Black "De Pablos Fernandez, Mariano"]
[Result "1/2-1/2"]
[WhiteElo "2028"]
[BlackElo "2061"]
[PlyCount "118"]
[EventDate "2008.12.22"]
[EventType "swiss"]
[EventRounds "9"]
[EventCountry "ESP"]
[Source "lmi"]
[SourceDate "2008.12.22"]

1. d4 f5 2. e4 fxe4 3. Nc3 Nf6 4. Bg5 g6 5. Bxf6 exf6 6. Nxe4 Bg7 7. Nf3 O-O 8.
Be2 Qe7 9. Nc3 b6 10. O-O Ba6 11. Bxa6 Nxa6 12. Re1 Qf7 13. a3 c6 14. Ne4 d5
15. Nc3 Rfe8 16. Qd2 Rxe1+ 17. Rxe1 Re8 18. Nd1 Rxe1+ 19. Qxe1 Nc7 20. Ne3 Qe7
21. Qd1 Qe4 22. c3 Ne6 23. Nf1 Nf4 24. Ng3 Qd3 25. Qxd3 Nxd3 26. b4 b5 27. Nf1
Nc1 28. N3d2 Ne2+ 29. Kh1 Nxc3 30. Nb3 f5 31. Ne3 Kf7 32. Nc2 Ke6 33. Kg1 Kd6
34. Kf1 Bh6 35. Ke1 Na4 36. Ke2 Nb6 37. g3 Nc4 38. f4 Bf8 39. Kf3 Be7 40. Ke2
Bd8 41. h3 a5 42. g4 axb4 43. axb4 fxg4 44. hxg4 h6 45. Nc5 Be7 46. Nd3 Ke6 47.
Nce1 h5 48. g5 Kf5 49. Kf3 Bd6 50. Ng2 Ke6 51. Nh4 Kf7 52. f5 gxf5 53. Nxf5 Bc7
54. Nc5 Na3 55. Nh4 Nc2 56. g6+ Kg8 57. Ne6 Bd6 58. g7 Bxb4 59. Nf5 Kh7 1/2-1/2

[Event "18. Ciudad de Pamplona - Abierto"]
[Site "Pamplona ESP"]
[Date "2008.12.26"]
[Round "6.13"]
[White "Ros Octavio De Toledo, Eduardo"]
[Black "Roviralta Montero, Axel"]
[Result "1/2-1/2"]
[WhiteElo "2198"]
[BlackElo "1995"]
[PlyCount "76"]
[EventDate "2008.12.22"]
[EventType "swiss"]
[EventRounds "9"]
[EventCountry "ESP"]
[Source "lmi"]
[SourceDate "2008.12.22"]

1. Nf3 Nf6 2. c4 e6 3. Nc3 Be7 4. e4 d6 5. d4 O-O 6. Bd3 Nbd7 7. e5 Ne8 8. h4
c5 9. Bxh7+ Kxh7 10. Ng5+ Kg8 11. Qh5 Nef6 12. exf6 Nxf6 13. Qd1 d5 14. cxd5
exd5 15. O-O Bf5 16. Bf4 Bd6 17. Qd2 Qc7 18. Bxd6 Qxd6 19. dxc5 Qxc5 20. Rac1
Rac8 21. Qf4 Bg6 22. Rfd1 Qc7 23. Qd4 Qc4 24. Rd2 Qxd4 25. Rxd4 Rc4 26. Rcd1
Rxd4 27. Rxd4 Rd8 28. Nh3 Bf5 29. Nf4 Be6 30. f3 Kf8 31. g4 g6 32. Kf2 Ne8 33.
Ke3 Nc7 34. h5 gxh5 35. Nxh5 Ke7 36. Nf4 Kd6 37. Rd2 Ke5 38. Nfe2 Rh8 1/2-1/2

[Event "18. Ciudad de Pamplona - Abierto"]
[Site "Pamplona ESP"]
[Date "2008.12.26"]
[Round "6.15"]
[White "Juanco Elizari, Felix"]
[Black "Ugalde Ezcurra, Jose Miguel"]
[Result "1/2-1/2"]
[WhiteElo "1914"]
[BlackElo "2158"]
[PlyCount "123"]
[EventDate "2008.12.22"]
[EventType "swiss"]
[EventRounds "9"]
[EventCountry "ESP"]
[Source "lmi"]
[SourceDate "2008.12.22"]

1. e4 c5 2. Nf3 e6 3. c3 d5 4. exd5 exd5 5. d4 Bd6 6. Be2 Nc6 7. O-O Nge7 8.
Bg5 O-O 9. Nbd2 Bg4 10. Re1 Qc7 11. Nf1 Rad8 12. Rc1 f6 13. dxc5 Bxc5 14. Be3
Bd6 15. Nd4 Bxe2 16. Qxe2 Qd7 17. Qf3 Ne5 18. Qe2 Rfe8 19. h3 Nc4 20. Qc2 Bb8
21. Rcd1 Nd6 22. Bf4 Ng6 23. Bh2 Nc4 24. Bxb8 Rxb8 25. Nh2 Rbd8 26. Nhf3 Nd6
27. Kh2 Ne4 28. Re3 Nf4 29. Ne2 Ng6 30. Ned4 a6 31. Rde1 f5 32. Ng1 Rf8 33.
Ngf3 Nf4 34. Ne2 Ne6 35. Ned4 Qd6+ 36. Kg1 N6c5 37. Nd2 g6 38. f3 f4 39. R3e2
Ng3 40. Re5 Rc8 41. N2b3 b6 42. Nxc5 bxc5 43. Ne6 Rf5 44. Rxf5 Nxf5 45. Ng5 Ne3
46. Qd3 Rd8 47. h4 Qf6 48. g3 c4 49. Qd2 h6 50. gxf4 hxg5 51. Qxe3 gxf4 52. Qe7
Qxe7 53. Rxe7 Rb8 54. Re2 Kf7 55. Kf2 Rh8 56. Rd2 Ke6 57. Re2+ Kd6 58. b3 Rxh4
59. Kg2 cxb3 60. axb3 Rh8 61. Ra2 Rb8 62. Rxa6+ 1/2-1/2

[Event "18. Ciudad de Pamplona - Abierto"]
[Site "Pamplona ESP"]
[Date "2008.12.27"]
[Round "7.2"]
[White "Arribas Lopez, Angel"]
[Black "Navarro Cia, Miguel"]
[Result "0-1"]
[WhiteElo "2334"]
[BlackElo "2318"]
[PlyCount "116"]
[EventDate "2008.12.22"]
[EventType "swiss"]
[EventRounds "9"]
[EventCountry "ESP"]
[Source "lmi"]
[SourceDate "2008.12.22"]

1. e4 Nf6 2. e5 Nd5 3. d4 d6 4. c4 Nb6 5. f4 g6 6. Be3 Bg7 7. Nc3 Be6 8. d5 Bc8
9. c5 N6d7 10. cxd6 exd6 11. e6 fxe6 12. dxe6 Nf6 13. Qb3 Qe7 14. O-O-O Qxe6
15. Qxe6+ Bxe6 16. Re1 Nc6 17. Nf3 Kd7 18. Ng5 Bf5 19. Bc4 Nb4 20. Rd1 Nc2 21.
Bg1 h6 22. Nf3 Nb4 23. h3 h5 24. Bd4 Nc6 25. Bxf6 Bxf6 26. Nd5 Bg7 27. Rhg1
Rhf8 28. g4 hxg4 29. hxg4 Be4 30. Ng5 Bxd5 31. Bxd5 Rae8 32. Rh1 Rxf4 33. Rh7
Re7 34. Rdh1 Nd8 35. Rg1 c6 36. Bb3 d5 37. Bc2 Bf6 38. Rxe7+ Bxe7 39. Nh7 g5
40. Bf5+ Kd6 41. Rh1 Nf7 42. Rh2 b5 43. Kc2 a5 44. Rh5 a4 45. Kc1 d4 46. Kc2 b4
47. Rh2 c5 48. b3 a3 49. Kc1 Kd5 50. Kc2 Ne5 51. Rg2 Rf3 52. Kc1 d3 53. Rg1 Kd4
54. Kd1 Kc3 55. Re1 d2 56. Rh1 Nd3 57. Ke2 Rg3 58. Rd1 Nb2 0-1

[Event "18. Ciudad de Pamplona - Abierto"]
[Site "Pamplona ESP"]
[Date "2008.12.27"]
[Round "7.3"]
[White "Huerga Leache, Mikel"]
[Black "Lariño Nieto, David"]
[Result "1/2-1/2"]
[WhiteElo "2417"]
[BlackElo "2469"]
[PlyCount "80"]
[EventDate "2008.12.22"]
[EventType "swiss"]
[EventRounds "9"]
[EventCountry "ESP"]
[Source "lmi"]
[SourceDate "2008.12.22"]

1. e4 e5 2. Bc4 d6 3. d3 Nf6 4. Nc3 c6 5. Nf3 Be7 6. h3 O-O 7. O-O h6 8. Bb3 b5
9. Ne2 Qc7 10. a4 b4 11. g4 d5 12. exd5 Nxd5 13. Ng3 f5 14. Qe2 fxg4 15. Nxe5
Bd6 16. Nxg4 Kh8 17. Ne4 Bf4 18. Bxd5 cxd5 19. Bxf4 Qxf4 20. Ng3 Nc6 21. Qe3
Bxg4 22. Qxf4 Rxf4 23. hxg4 Rxg4 24. Kg2 Rc8 25. Rae1 Nd4 26. Re5 Rxc2 27. Rxd5
Rxb2 28. Kh3 Rf4 29. Nh5 Ne6 30. Re1 Ng5+ 31. Rxg5 hxg5 32. Nxf4 gxf4 33. Re7
a5 34. Re5 Rxf2 35. Rxa5 Kh7 36. Kg4 b3 37. Rb5 Ra2 38. Kxf4 b2 39. a5 Kh6 40.
Kg3 g5 1/2-1/2

[Event "18. Ciudad de Pamplona - Abierto"]
[Site "Pamplona ESP"]
[Date "2008.12.27"]
[Round "7.4"]
[White "Mellado Triviño, Juan Manuel"]
[Black "Lakunza Oyarbide, Juan Carlos"]
[Result "1-0"]
[WhiteElo "2434"]
[BlackElo "2122"]
[PlyCount "59"]
[EventDate "2008.12.22"]
[EventType "swiss"]
[EventRounds "9"]
[EventCountry "ESP"]
[Source "lmi"]
[SourceDate "2008.12.22"]

1. e4 e5 2. Nf3 Nc6 3. d4 exd4 4. Nxd4 Nf6 5. Nxc6 bxc6 6. e5 Qe7 7. Qe2 Nd5 8.
c4 Nb6 9. Nd2 Qe6 10. g3 a5 11. f4 Ba6 12. b3 a4 13. Bb2 Bb4 14. O-O-O axb3 15.
axb3 O-O 16. Qh5 Qg6 17. Qf3 d5 18. exd6 cxd6 19. Bd3 Qh6 20. g4 d5 21. g5 Qd6
22. Qh5 g6 23. Qh6 Bxd2+ 24. Rxd2 d4 25. f5 Rfd8 26. f6 Qf8 27. Qxf8+ Kxf8 28.
Be4 c5 29. Bxa8 Rxa8 30. Ba3 1-0

[Event "18. Ciudad de Pamplona - Abierto"]
[Site "Pamplona ESP"]
[Date "2008.12.27"]
[Round "7.5"]
[White "Vinal Gutierrez, Pedro"]
[Black "Djingarova, Emilia"]
[Result "1/2-1/2"]
[WhiteElo "2097"]
[BlackElo "2352"]
[PlyCount "75"]
[EventDate "2008.12.22"]
[EventType "swiss"]
[EventRounds "9"]
[EventCountry "ESP"]
[Source "lmi"]
[SourceDate "2008.12.22"]

1. d4 Nf6 2. Nf3 e6 3. Bg5 h6 4. Bxf6 Qxf6 5. Nbd2 d5 6. e3 c5 7. c3 Nc6 8. Bd3
cxd4 9. exd4 Bd6 10. Qe2 O-O 11. O-O e5 12. dxe5 Nxe5 13. Nxe5 Bxe5 14. Nf3 Bd6
15. h3 Bd7 16. Bc2 g6 17. Rfd1 Rad8 18. Qd2 Bxh3 19. Qxh6 Bg4 20. Ng5 Qg7 21.
Qxg7+ Kxg7 22. Rd4 Bd7 23. Rad1 Bc6 24. Nf3 Rh8 25. Rh4 Rxh4 26. Nxh4 Re8 27.
Nf3 Re7 28. Nd4 Re5 29. Nf3 Re2 30. Nd4 Re7 31. Kf1 Bf4 32. Bd3 Bd7 33. Be2 Re8
34. Bf3 Bc6 35. g3 Be5 36. Re1 Kf6 37. Bg4 Rh8 38. Kg2 1/2-1/2

[Event "18. Ciudad de Pamplona - Abierto"]
[Site "Pamplona ESP"]
[Date "2008.12.27"]
[Round "7.9"]
[White "Anguas Fanlo, Sergio"]
[Black "Vega Gutierrez, Belinda"]
[Result "1/2-1/2"]
[WhiteElo "2045"]
[BlackElo "2226"]
[PlyCount "138"]
[EventDate "2008.12.22"]
[EventType "swiss"]
[EventRounds "9"]
[EventCountry "ESP"]
[Source "lmi"]
[SourceDate "2008.12.22"]

1. Nf3 Nf6 2. d4 d6 3. c3 g6 4. Bf4 Bg7 5. e3 O-O 6. Bd3 Nc6 7. O-O Qe8 8. Bb5
a6 9. Bxc6 Qxc6 10. h3 b5 11. Nbd2 Bb7 12. Qc2 Rfe8 13. Rac1 e5 14. dxe5 dxe5
15. Bh2 Nd7 16. Rfe1 Qe6 17. c4 c5 18. e4 Rac8 19. Qb3 Bc6 20. Qe3 f6 21. b3
Qe7 22. Red1 Ra8 23. Ne1 b4 24. f3 a5 25. Nd3 a4 26. Ra1 Ra5 27. a3 Rea8 28.
axb4 cxb4 29. bxa4 Rxa4 30. Rxa4 Rxa4 31. Rb1 Qf8 32. Qe1 Bh6 33. f4 Qd6 34.
Qe3 Ra3 35. Rb3 Rxb3 36. Nxb3 exf4 37. Bxf4 Bxf4 38. Nxf4 Ne5 39. Nd5 Nxc4 40.
Qd4 Bxd5 41. exd5 Nb6 42. Nd2 Nxd5 43. Ne4 Qb6 44. Qxb6 Nxb6 45. Nxf6+ Kf7 46.
Ne4 Nc4 47. Nc5 Nd2 48. Nd3 b3 49. Nb2 Kf6 50. Kf2 Ke5 51. Ke3 Ne4 52. Nd3+ Kd5
53. Nb2 Nd6 54. Kd3 Nf5 55. Nd1 Ke5 56. g4 Nd6 57. Kc3 Kf4 58. Kxb3 Kg3 59. Ne3
Kxh3 60. Kc3 Kg3 61. Kd4 Kf3 62. Nd5 h5 63. gxh5 gxh5 64. Ke5 h4 65. Nf4 Nc4+
66. Kf5 Ne3+ 67. Kg5 Kg3 68. Ne2+ Kh3 69. Ng1+ Kg3 1/2-1/2

[Event "18. Ciudad de Pamplona - Abierto"]
[Site "Pamplona ESP"]
[Date "2008.12.27"]
[Round "7.10"]
[White "Munoz Arana, Miguel"]
[Black "Argaya Urdaniz, Miguel"]
[Result "1-0"]
[WhiteElo "2100"]
[BlackElo "2028"]
[PlyCount "83"]
[EventDate "2008.12.22"]
[EventType "swiss"]
[EventRounds "9"]
[EventCountry "ESP"]
[Source "lmi"]
[SourceDate "2008.12.22"]

1. e4 e5 2. Nf3 Nf6 3. d3 Nc6 4. g3 Bc5 5. Bg2 d6 6. O-O O-O 7. c3 Bg4 8. h3
Bd7 9. b4 Bb6 10. a4 a6 11. Na3 Ne7 12. Nc4 Ba7 13. Be3 Bxe3 14. Nxe3 Qc8 15.
Kh2 Ng6 16. Nd2 c6 17. Qe2 Qc7 18. a5 Rae8 19. Ndc4 Ne7 20. Nb6 Be6 21. f4 exf4
22. gxf4 d5 23. e5 Nd7 24. Nxd7 Qxd7 25. d4 Nf5 26. Nxf5 Bxf5 27. Rf3 Be4 28.
Rg3 Bxg2 29. Qxg2 f5 30. Rg1 Rf7 31. Rg5 Re6 32. Qf3 Rh6 33. Rh5 Qe6 34. Rxh6
Qxh6 35. Rg2 Qh4 36. Qg3 Qh5 37. Qg5 Qf3 38. e6 Re7 39. Qxf5 Qxc3 40. Qe5 h6
41. f5 Kh7 42. f6 1-0

[Event "18. Ciudad de Pamplona - Abierto"]
[Site "Pamplona ESP"]
[Date "2008.12.27"]
[Round "7.11"]
[White "Zamarbide Iñarrea, Daniel"]
[Black "Ruiz Escobar, Rafael"]
[Result "1-0"]
[WhiteElo "2079"]
[BlackElo "2028"]
[PlyCount "57"]
[EventDate "2008.12.22"]
[EventType "swiss"]
[EventRounds "9"]
[EventCountry "ESP"]
[Source "lmi"]
[SourceDate "2008.12.22"]

1. e4 g6 2. d4 Bg7 3. Nc3 d5 4. exd5 Nf6 5. Nf3 Nbd7 6. Bb5 O-O 7. Bxd7 Bxd7 8.
Ne5 Bf5 9. g4 Be4 10. Nxe4 Nxe4 11. c4 Qd6 12. Qe2 Qb4+ 13. Kd1 Qa4+ 14. Ke1
Nd6 15. b3 Qe8 16. Bb2 Qd8 17. Kd2 Re8 18. Kc2 e6 19. dxe6 Rxe6 20. Qf3 f5 21.
Rhe1 c6 22. Nxc6 Qd7 23. Qd5 Rae8 24. gxf5 Qxc6 25. Qxc6 Re2+ 26. Kd3 bxc6 27.
Rxe2 Rxe2 28. Kxe2 Nxf5 29. Rb1 1-0

[Event "18. Ciudad de Pamplona - Abierto"]
[Site "Pamplona ESP"]
[Date "2008.12.27"]
[Round "7.12"]
[White "De Pablos Fernandez, Mariano"]
[Black "Bolvary, Tamara"]
[Result "1-0"]
[WhiteElo "2061"]
[BlackElo "2017"]
[PlyCount "79"]
[EventDate "2008.12.22"]
[EventType "swiss"]
[EventRounds "9"]
[EventCountry "ESP"]
[Source "lmi"]
[SourceDate "2008.12.22"]

1. d4 Nf6 2. Bg5 c5 3. Bxf6 gxf6 4. dxc5 Qa5+ 5. Nc3 Bg7 6. e3 f5 7. Nge2 O-O
8. g3 Qxc5 9. Bg2 e6 10. O-O d5 11. Nf4 Nd7 12. Nh5 Bxc3 13. bxc3 Qxc3 14. Rb1
Nc5 15. g4 fxg4 16. Qxg4+ Kh8 17. Rb4 f5 18. Qh4 Bd7 19. Rd4 Rf7 20. Qf4 Kg8
21. Qe5 Bb5 22. Rg4+ fxg4 23. Qxc3 Bxf1 24. Kxf1 Nd7 25. e4 Raf8 26. Qg3 dxe4
27. Bxe4 Nf6 28. Nxf6+ Rxf6 29. Qxg4+ Kh8 30. f3 R8f7 31. Ke2 Rg7 32. Qh5 Rgf7
33. c4 b6 34. a4 Rc7 35. Kd3 h6 36. Qe5 Rd7+ 37. Kc3 Kg7 38. a5 Kf7 39. a6 Ke7
40. Bc6 1-0

[Event "18. Ciudad de Pamplona - Abierto"]
[Site "Pamplona ESP"]
[Date "2008.12.27"]
[Round "7.15"]
[White "Duran Fernandez, Emilio"]
[Black "Burguete Archel, Eduardo"]
[Result "0-1"]
[WhiteElo "1789"]
[BlackElo "2176"]
[PlyCount "56"]
[EventDate "2008.12.22"]
[EventType "swiss"]
[EventRounds "9"]
[EventCountry "ESP"]
[Source "lmi"]
[SourceDate "2008.12.22"]

1. c4 Nf6 2. Nc3 g6 3. e4 d6 4. d4 Bg7 5. f4 O-O 6. Nf3 Na6 7. Bd3 c5 8. dxc5
Nxc5 9. Be3 Qa5 10. O-O Ng4 11. Qe2 Nxe3 12. Qxe3 Bxc3 13. bxc3 Qxc3 14. Rad1
Nxd3 15. Rxd3 Qxc4 16. f5 Qc5 17. Rd4 Kg7 18. Rc1 Qb6 19. Kh1 e5 20. f6+ Kxf6
21. Qg5+ Kg7 22. h4 exd4 23. h5 h6 24. Qg3 Be6 25. e5 Rac8 26. Rf1 Qb5 27. Rf2
Rc1+ 28. Kh2 Qb1 0-1

[Event "18. Ciudad de Pamplona - Abierto"]
[Site "Pamplona ESP"]
[Date "2008.12.28"]
[Round "8.1"]
[White "Navarro Cia, Miguel"]
[Black "Reinaldo Castineira, Roi"]
[Result "1/2-1/2"]
[WhiteElo "2318"]
[BlackElo "2516"]
[PlyCount "31"]
[EventDate "2008.12.22"]
[EventType "swiss"]
[EventRounds "9"]
[EventCountry "ESP"]
[Source "lmi"]
[SourceDate "2008.12.22"]

1. e4 c5 2. Nf3 e6 3. c4 Nc6 4. Nc3 Qc7 5. d4 cxd4 6. Nxd4 Nf6 7. Be3 a6 8. Be2
Bb4 9. O-O Bxc3 10. bxc3 Ne5 11. f3 Nxc4 12. Bf2 O-O 13. Bg3 Qc5 14. Bf2 Qc7
15. Bg3 Qc5 16. Bf2 1/2-1/2